अब! और नहीं / (Record no. 116015)
[ view plain ]
| 000 -LEADER | |
|---|---|
| fixed length control field | 01236nam a22002657a 4500 |
| 005 - DATE AND TIME OF LATEST TRANSACTION | |
| control field | 20170124103033.0 |
| 010 ## - LIBRARY OF CONGRESS CONTROL NUMBER | |
| LC control number | A-988941 |
| 020 ## - INTERNATIONAL STANDARD BOOK NUMBER | |
| Terms of availability | 160.00 |
| International Standard Book Number | 818747665 |
| 035 ## - SYSTEM CONTROL NUMBER | |
| System control number | A-988941 |
| 037 ## - SOURCE OF ACQUISITION | |
| Source of stock number/acquisition | Cen Lib/Ret |
| 040 ## - CATALOGING SOURCE | |
| Original cataloging agency | DPL |
| Language of cataloging | HN |
| 082 ## - DEWEY DECIMAL CLASSIFICATION NUMBER | |
| Classification number | क |
| Item number | अबऔ |
| 245 ## - TITLE STATEMENT | |
| Title | अब! और नहीं / |
| Statement of responsibility, etc | संपादक दिनेशनन्दिनी डालमिया [एवं] रश्मि मलहोत्रा |
| 246 ## - VARYING FORM OF TITLE | |
| Title proper/short title | Ab! or nahi / |
| Remainder of title | sampadak Dineshnanadani Dalmiya [and] Rashmi Malhotra |
| 260 ## - PUBLICATION, DISTRIBUTION, ETC. (IMPRINT) | |
| Place of publication, distribution, etc | दिल्ली |
| Name of publisher, distributor, etc | आलोकपर्व प्रकाशन |
| Date of publication, distribution, etc | 1999 |
| 270 ## - ADDRESS | |
| Address | 1/6588, पूर्वी रोहतास नगर, शाहदरा |
| City | दिल्ली |
| Postal code | 110032 |
| 300 ## - PHYSICAL DESCRIPTION | |
| Extent | 152पृ. |
| Dimensions | 16सेमी (सजिल्द) |
| 650 ## - SUBJECT ADDED ENTRY--TOPICAL TERM | |
| Topical term or geographic name as entry element | हिंदी साहित्य |
| 9 (RLIN) | 64390 |
| 650 ## - SUBJECT ADDED ENTRY--TOPICAL TERM | |
| Topical term or geographic name as entry element | हिंदी साहित्य |
| General subdivision | कहानियां |
| 9 (RLIN) | 64391 |
| 650 ## - SUBJECT ADDED ENTRY--TOPICAL TERM | |
| Topical term or geographic name as entry element | Hindi literature |
| 9 (RLIN) | 64392 |
| 650 ## - SUBJECT ADDED ENTRY--TOPICAL TERM | |
| Topical term or geographic name as entry element | Hindi literature |
| General subdivision | Stories |
| 9 (RLIN) | 64393 |
| 700 ## - ADDED ENTRY--PERSONAL NAME | |
| Personal name | डालमिया, दिनेशनन्दिनी |
| 9 (RLIN) | 64394 |
| 700 ## - ADDED ENTRY--PERSONAL NAME | |
| Personal name | मलहोत्रा, रश्मि |
| 9 (RLIN) | 64395 |
| 942 ## - ADDED ENTRY ELEMENTS (KOHA) | |
| Source of classification or shelving scheme | Dewey Decimal Classification |
| Koha item type | Hindi Books |
| Classification part | क |
| Call number suffix | अबऔ |
| Withdrawn status | Lost status | Damaged status | Not for loan | Home library | Current library | Date acquired | Source of acquisition | Cost, normal purchase price | Total Checkouts | Full call number | Barcode | Date last seen | Date checked out | Copy number | Cost, replacement price | Price effective from | Koha item type |
|---|---|---|---|---|---|---|---|---|---|---|---|---|---|---|---|---|---|
| Central Library | Central Library | 22/08/2015 | Cen Lib/Ref | 160.00 | 4 | क अबऔ | A-988941 | 31/12/2019 | 17/12/2019 | 1 | 160.00 | 22/08/2015 | Hindi Books |
